[Event "41st Nezhmetdinov Memorial 2019"]
[Site "Kazan"]
[Date "2019.06.05"]
[Round "6.7"]
[White "Puranik, Abhimanyu"]
[Black "Popov, Mikhail"]
[Result "1-0"]
[WhiteElo "2548"]
[BlackElo "2395"]
[Annotator "TA"]
[PlyCount "89"]
[EventDate "2019.05.31"]
[EventType "swiss"]
[EventCountry "RUS"]
[SourceTitle "playchess.com"]
[Source "ChessBase"]
[SourceQuality "1"]

{[%evp 17,89,11,14,10,3,7,18,6,23,18,22,11,15,0,0,0,9,0,12,11,12,4,7,2,6,6,9,6,39,31,46,33,38,39,70,24,24,31,189,184,266,242,401,391,410,288,269,272,239,218,215,217,204,162,462,418,418,408,420,102,29979,29980,29980,29981,29981,29980,29976,29970,29986,29987,29995,29996,29996,29997]} 1. e4 c5 2. Nc3 d6 3. Nf3 a6 4. d4 cxd4 5. Nxd4 Nf6 6. g3 e5 7. Nde2 Be7 8. Bg2 O-O 9. O-O b5 10. Nd5 {B91: Sicilian Najdorf: 6 g3} Nbd7 11. Nec3 Bb7 (11... Nb6 12. Nxf6+ Bxf6 13. b3 Be6 14. Ba3 Qc7 15. Qd3 Rfc8 16. Bb4 a5 17. Nxb5 Qxc2 18. Qxc2 Rxc2 19. Bxd6 {½-½ (73) Vachier Lagrave,M (2778)-Wojtaszek,R (2749) Shenzhen 2018}) 12. Be3 {The position is equal.} Nxd5 13. Nxd5 Nf6 14. Nxf6+ Bxf6 15. c3 Bc6 $146 ({Predecessor:} 15... Qc7) 16. Qd3 Qc7 17. Rfd1 Rfd8 18. c4 Qb7 19. cxb5 axb5 20. a3 Ra4 21. b4 h6 22. Rac1 Be7 23. Rc3 Rc8 24. Rdc1 {aiming for Bh3.} Bd7 25. Qd5 Qb8 26. h4 Rxc3 27. Rxc3 Be6 $2 {[#]} ({Black should play} 27... Ra6 $14) 28. Qc6 $1 $18 Qa8 (28... Ra8 $142 29. Bf1 Qd8) 29. Qxb5 Rxa3 $2 (29... g5 30. hxg5 Bxg5 31. Bxg5 hxg5) 30. Rxa3 Qxa3 31. Qe8+ Bf8 32. b5 {[%cal Bb4b5,Bb5b6][%mdl 32]} Qa4 {...Bc4 would now be nice for Black.} 33. Qb8 Bd7 34. b6 {And now b7 would win.} Bc6 35. Qc8 {Hoping for b7.} ({Weaker is} 35. b7 Qb3 $17) 35... Qb5 $2 (35... Qa8 {keeps fighting.} 36. Qc7 f5) 36. Bf1 Qa4 37. f3 ({Resist} 37. b7 Qxe4 38. Qxc6 Qxc6 $18) 37... d5 38. Bc5 $2 (38. exd5 $18 {is more deadly.} Bxd5 39. b7 Bxb7 40. Qxb7) 38... dxe4 $2 {[%mdl 8192] [#]} (38... Qa8 $16 39. Qxf8+ Qxf8 40. Bxf8 Kxf8) 39. Qxf8+ {White mates.} Kh7 40. Qxf7 exf3 41. Bf2 Be4 42. Bc4 Qd1+ 43. Kh2 Qc2 44. Qg8+ Kg6 45. Qe8+ {[%mdl 64] Double Attack. Accuracy: White = 54%, Black = 31%.} 1-0

[Event "41st Nezhmetdinov Memorial 2019"]
[Site "Kazan"]
[Date "2019.06.05"]
[Round "6.8"]
[White "Kanter, Eduard"]
[Black "Frolyanov, Dmitry"]
[Result "0-1"]
[WhiteElo "2392"]
[BlackElo "2538"]
[Annotator "TA"]
[PlyCount "34"]
[EventDate "2019.05.31"]
[EventType "swiss"]
[EventCountry "RUS"]
[SourceTitle "playchess.com"]
[Source "ChessBase"]
[SourceQuality "1"]

{[%evp 9,90,7,2,-52,-33,-16,-13,-46,-31,-10,-7,-51,32,25,28,42,95,87,93,39,77,42,33,28,40,28,62,74,75,62,56,82,59,81,69,33,63,0,24,-30,-29,-37,-20,-18,-12,-66,-54,-52,-56,-56,-57,-67,-53,-53,-58,-112,-110,-125,-125,-395,-409,-436,-417,-406,-411,-707,-706,-625,-673,-635,-645,-704,-685,-925,-1054,-1517,-1523,-1683,-1514,-1289,-739,-29970,-29966]} 1. d4 Nf6 2. c4 e6 3. Nf3 d5 4. g3 Bb4+ 5. Nbd2 dxc4 (5... O-O 6. Bg2 b6 7. O-O Bb7 8. b3 Be7 9. Bb2 c5 10. Rc1 Nbd7 11. cxd5 exd5 12. Ne5 Nxe5 13. dxe5 Ne8 14. Qc2 Qd7 15. Rfd1 Rd8 {1-0 (58) Bai,J (2604)-Fedoseev,V (2702) China 2019}) 6. Qc2 {E01: Catalan: Early deviations} ({White should try} 6. a3 $11 Bxd2+ 7. Bxd2) 6... b5 $15 {aiming for ...Bb7.} 7. a4 $1 c6 8. Bg2 {The position is equal.} a5 9. O-O O-O 10. Ne5 Ra7 $146 ({Much weaker is} 10... Qxd4 $6 11. Nxc6 Nxc6 12. Bxc6 $14) (10... Nd5 $15) ({Predecessor:} 10... Ra6 11. e3 Nd5 12. Rd1 Bb7 13. Ne4 f6 14. Nf3 Nd7 15. Bd2 {1-0 (110) Goryachkina,A (2423)-Sivuk,V (2519) Loo 2014}) 11. Bxc6 $14 bxa4 12. Ndxc4 Nd5 (12... Ba6 $14) 13. Bxa4 Rc7 14. Qd3 ({White should play} 14. e3 $16) 14... f6 15. Bc2 {[%csl Gc2][%cal Rd3h7] [#]} (15. Nf3 {with more complications.} Ba6 16. b3 Nb6 17. Bf4 Rb7 18. Qe4) 15... g6 16. Nf3 (16. Nxg6 hxg6 17. Qxg6+ Rg7 $11) 16... Ba6 17. b3 Qc8 {Played: Nd5-b6} 0-1

[Event "41st Nezhmetdinov Memorial 2019"]
[Site "Kazan"]
[Date "2019.06.05"]
[Round "6.9"]
[White "Makhmutov, Rail"]
[Black "Svetushkin, Dmitry"]
[Result "1/2-1/2"]
[WhiteElo "2411"]
[BlackElo "2536"]
[Annotator "RC"]
[PlyCount "112"]
[EventDate "2019.05.31"]
[EventType "swiss"]
[EventCountry "RUS"]
[SourceTitle "playchess.com"]
[Source "ChessBase"]
[SourceQuality "1"]
[TimeControl "5400+30"]

1. d4 {[%emt 0:00:00]} Nf6 {[%emt 0:00:37]} 2. c4 {[%emt 0:00:00]} e6 {[%emt 0:00:07]} 3. Nc3 {[%emt 0:00:45]} Bb4 {[%emt 0:02:13]} 4. g3 {[%emt 0:00:41]} c5 {[%emt 0:00:24]} 5. Nf3 {[%emt 0:00:13]} Nc6 {[%emt 0:00:16]} 6. Bg2 {[%emt 0:00:25]} Ne4 {[%emt 0:00:12]} 7. Bd2 {[%emt 0:01:32]} Nxd2 {[%emt 0:00:44]} 8. Qxd2 {[%emt 0:00:02]} cxd4 {[%emt 0:00:43]} 9. Nxd4 {[%emt 0:00:02]} O-O {[%emt 0:00:30]} 10. Nc2 {[%emt 0:04:33]} Be7 {[%emt 0:00:09]} 11. O-O {[%emt 0:00:13]} a6 {[%emt 0:00:26]} 12. Rad1 {[%emt 0:04:45]} Qc7 {[%emt 0:04:11]} 13. Ne4 {[%emt 0:06:08]} Ne5 {[%emt 0:10:54]} 14. b3 {[%emt 0:02:51]} Rb8 {[%emt 0:05:10]} 15. Nd6 {[%emt 0:06:43]} b5 {[%emt 0:03:24]} 16. cxb5 {[%emt 0:18:38]} axb5 {[%emt 0:00:45]} 17. Ne3 {[%emt 0:00:48]} Ba6 {[%emt 0:03:40]} 18. Qd4 {[%emt 0:14:11]} Ng6 {[%emt 0:14:13]} 19. Rd2 {[%emt 0:03:53]} Rb6 {[%emt 0:05:44]} 20. Ne4 {[%emt 0:02:15]} d5 {[%emt 0:01:41]} 21. Rc2 {[%emt 0:00:34]} Qa7 {[%emt 0:03:39]} 22. Nc5 {[%emt 0:03:21]} b4 {[%emt 0:00:31]} 23. Nd7 {[%emt 0:01:07]} Rfb8 {[%emt 0:03:16]} 24. Nxb6 {[%emt 0:05:00]} Rxb6 {[%emt 0:00:04]} 25. Ng4 {[%emt 0:04:45]} Qb8 {[%emt 0:01:03]} 26. Rfc1 {[%emt 0:03:25]} h5 {[%emt 0:03:04]} 27. Ne3 {[%emt 0:00:35]} Bf6 {[%emt 0:00:47]} 28. Qd2 {[%emt 0:00:09]} h4 {[%emt 0:04:08]} 29. Rc6 {[%emt 0:01:35]} Rxc6 {[%emt 0:02:10]} 30. Rxc6 {[%emt 0:00:01]} Bc3 {[%emt 0:00:10]} 31. Qc2 {[%emt 0:02:42]} Bb5 {[%emt 0:17:58]} 32. Rxe6 {[%emt 0:01:37]} fxe6 {[%emt 0:00:06]} 33. Qxg6 {[%emt 0:00:03]} Qe8 {[%emt 0:00:13]} 34. Qg4 {[%emt 0:00:19]} hxg3 {[%emt 0:00:11]} 35. hxg3 {[%emt 0:00:05]} Bd7 {[%emt 0:05:38]} 36. Bh3 {[%emt 0:00:43]} Qa8 {[%emt 0:00:04]} 37. Qg6 {[%emt 0:01:27]} Qc6 {[%emt 0:00:04]} 38. Bg4 {[%emt 0:01:04]} Kf8 {[%emt 0:00:08]} 39. Bh5 {[%emt 0:01:56]} Ke7 {[%emt 0:00:05]} 40. Qf7+ {[%emt 0:01:10]} Kd8 {[%emt 0:01:06]} 41. a3 {[%emt 0:02:02]} bxa3 {[%emt 0:00:50]} 42. Qf8+ {[%emt 0:00:13]} Kc7 {[%emt 0:00:06]} 43. Qxa3 {[%emt 0:00:05]} Qb6 {[%emt 0:00:27]} 44. Bf3 {[%emt 0:01:40]} Bd4 {[%emt 0:03:15]} 45. Ng4 {[%emt 0:02:02]} Qd6 {[%emt 0:00:58]} 46. Qa5+ {[%emt 0:00:41]} Qb6 {[%emt 0:02:35]} 47. Qd2 {[%emt 0:00:24]} Qc5 {[%emt 0:01:36]} 48. Qf4+ {[%emt 0:01:34]} Kb7 {[%emt 0:00:06]} 49. e4 {[%emt 0:00:40]} Qc7 {[%emt 0:01:51]} 50. exd5 {[%emt 0:03:02]} Qxf4 {[%emt 0:00:04]} 51. gxf4 {[%emt 0:00:25]} Kc7 {[%emt 0:00:43]} 52. Ne3 {[%emt 0:01:08]} Kd6 {[%emt 0:00:51]} 53. Nc4+ {[%emt 0:01:18]} Kc5 {[%emt 0:00:12]} 54. dxe6 {[%emt 0:00:34]} Bxe6 {[%emt 0:00:08]} 55. Be2 {[%emt 0:00:24]} Bxc4 {[%emt 0:00:14]} 56. Bxc4 {[%emt 0:00:02]} Bf6 {[%emt 0:00:04]} 1/2-1/2

[Event "41st Nezhmetdinov Memorial 2019"]
[Site "Kazan"]
[Date "2019.06.05"]
[Round "6.10"]
[White "Makoveev, Ilya"]
[Black "Belyakov, Bogdan"]
[Result "0-1"]
[WhiteElo "2304"]
[BlackElo "2483"]
[Annotator "RC"]
[PlyCount "162"]
[EventDate "2019.05.31"]
[EventType "swiss"]
[EventCountry "RUS"]
[SourceTitle "playchess.com"]
[Source "ChessBase"]
[SourceQuality "1"]
[TimeControl "5400+30"]

1. Nf3 {[%emt 0:00:00]} c5 {[%emt 0:02:18]} 2. e4 {[%emt 0:02:00]} Nf6 {[%emt 0:01:25]} 3. e5 {[%emt 0:01:20]} Nd5 {[%emt 0:00:07]} 4. Nc3 {[%emt 0:00:10]} e6 {[%emt 0:00:31]} 5. Nxd5 {[%emt 0:00:58]} exd5 {[%emt 0:00:05]} 6. d4 {[%emt 0:00:02]} Nc6 {[%emt 0:00:07]} 7. dxc5 {[%emt 0:12:00]} Bxc5 {[%emt 0:00:57]} 8. Qxd5 {[%emt 0:00:31]} d6 {[%emt 0:00:06]} 9. exd6 {[%emt 0:37:06]} Qb6 {[%emt 0:00:09]} 10. Bc4 {[%emt 0:03:33]} Bxf2+ {[%emt 0:21:25]} 11. Kf1 {[%emt 0:00:52]} O-O {[%emt 0:03:50]} 12. Qb5 {[%emt 0:07:37]} Bc5 {[%emt 0:26:52]} 13. Qxb6 {[%emt 0:08:12]} axb6 {[%emt 0:00:21]} 14. Bf4 {[%emt 0:00:10]} Be6 {[%emt 0:00:05]} 15. Bb3 {[%emt 0:10:38]} Bxb3 {[%emt 0:05:32]} 16. cxb3 {[%emt 0:00:18]} Rfd8 {[%emt 0:00:05]} 17. Ke2 {[%emt 0:03:53]} Bxd6 {[%emt 0:04:01]} 18. Bxd6 {[%emt 0:01:17]} Rxd6 {[%emt 0:00:06]} 19. Rhd1 {[%emt 0:00:31]} Rxd1 {[%emt 0:02:42]} 20. Kxd1 {[%emt 0:00:10]} f5 {[%emt 0:01:59]} 21. Kd2 {[%emt 0:04:37]} Kf7 {[%emt 0:02:11]} 22. Kc3 {[%emt 0:01:50]} Kf6 {[%emt 0:06:55]} 23. Kc4 {[%emt 0:02:32]} Ra5 {[%emt 0:05:08]} 24. b4 {[%emt 0:00:31]} Ne5+ {[%emt 0:00:05]} 25. Kc3 {[%emt 0:00:53]} Rd5 {[%emt 0:00:42]} 26. Nd4 {[%emt 0:00:24]} g5 {[%emt 0:03:48]} 27. a4 {[%emt 0:00:50]} f4 {[%emt 0:02:04]} 28. Rf1 {[%emt 0:00:34]} Ng4 {[%emt 0:00:58]} 29. h3 {[%emt 0:00:30]} Ne3 {[%emt 0:00:10]} 30. Rg1 {[%emt 0:00:28]} h5 {[%emt 0:07:14]} 31. g3 {[%emt 0:00:21]} fxg3 {[%emt 0:00:31]} 32. Rxg3 {[%emt 0:00:06]} Rxd4 {[%emt 0:01:21]} 33. Rxe3 {[%emt 0:00:04]} Rh4 {[%emt 0:00:57]} 34. a5 {[%emt 0:00:26]} b5 {[%emt 0:01:14]} 35. Rf3+ {[%emt 0:00:30]} Ke6 {[%emt 0:00:17]} 36. Re3+ {[%emt 0:00:49]} Kd6 {[%emt 0:00:14]} 37. Rd3+ {[%emt 0:00:39]} Kc6 {[%emt 0:00:51]} 38. Rf3 {[%emt 0:00:59]} Rf4 {[%emt 0:00:38]} 39. Rxf4 {[%emt 0:00:20]} gxf4 {[%emt 0:00:04]} 40. Kd4 {[%emt 0:00:02]} f3 {[%emt 0:00:06]} 41. Ke3 {[%emt 0:00:03]} Kd5 {[%emt 0:00:03]} 42. Kxf3 {[%emt 0:01:00]} Kc4 {[%emt 0:00:04]} 43. Kg3 {[%emt 0:01:12]} Kxb4 {[%emt 0:00:32]} 44. Kh4 {[%emt 0:00:01]} Kb3 {[%emt 0:00:06]} 45. Kxh5 {[%emt 0:00:02]} Kxb2 {[%emt 0:00:08]} 46. h4 {[%emt 0:00:05]} b4 {[%emt 0:00:04]} 47. Kg5 {[%emt 0:00:18]} b3 {[%emt 0:00:17]} 48. h5 {[%emt 0:00:03]} Ka2 {[%emt 0:01:55]} 49. h6 {[%emt 0:00:35]} b2 {[%emt 0:00:05]} 50. h7 {[%emt 0:00:02]} b1=Q {[%emt 0:00:07]} 51. h8=Q {[%emt 0:00:06]} Qb5+ {[%emt 0:00:22]} 52. Kf4 {[%emt 0:00:30]} Qxa5 {[%emt 0:00:08]} 53. Qc8 {[%emt 0:02:05]} Qd5 {[%emt 0:01:38]} 54. Qc2+ {[%emt 0:01:13]} Ka3 {[%emt 0:00:08]} 55. Qc1+ {[%emt 0:00:30]} Kb4 {[%emt 0:00:29]} 56. Qe1+ {[%emt 0:00:35]} Kc5 {[%emt 0:00:58]} 57. Qa5+ {[%emt 0:00:56]} b5 {[%emt 0:00:09]} 58. Ke3 {[%emt 0:00:30]} Qb3+ {[%emt 0:01:04]} 59. Ke2 {[%emt 0:00:20]} Qc2+ {[%emt 0:00:07]} 60. Ke1 {[%emt 0:00:18]} Kc4 {[%emt 0:00:28]} 61. Qa6 {[%emt 0:00:35]} Qd3 {[%emt 0:00:58]} 62. Qa2+ {[%emt 0:00:27]} Kd4 {[%emt 0:00:19]} 63. Qa7+ {[%emt 0:00:31]} Kc3 {[%emt 0:00:31]} 64. Qa3+ {[%emt 0:00:34]} Kc4 {[%emt 0:00:06]} 65. Qa2+ {[%emt 0:00:33]} Kb4 {[%emt 0:01:30]} 66. Qb2+ {[%emt 0:00:22]} Ka4 {[%emt 0:00:08]} 67. Qa2+ {[%emt 0:00:45]} Qa3 {[%emt 0:00:06]} 68. Qc2+ {[%emt 0:00:34]} Qb3 {[%emt 0:00:05]} 69. Qc6 {[%emt 0:00:17]} Qd3 {[%emt 0:00:31]} 70. Qe8 {[%emt 0:00:43]} Ka3 {[%emt 0:01:03]} 71. Qa8+ {[%emt 0:00:10]} Kb2 {[%emt 0:00:33]} 72. Qg2+ {[%emt 0:00:37]} Qc2 {[%emt 0:01:20]} 73. Qb7 {[%emt 0:00:09]} Qc3+ {[%emt 0:00:26]} 74. Kd1 {[%emt 0:00:29]} Qd4+ {[%emt 0:00:15]} 75. Ke1 {[%emt 0:00:12]} b4 {[%emt 0:00:16]} 76. Qg2+ {[%emt 0:00:32]} Ka1 {[%emt 0:00:09]} 77. Qa8+ {[%emt 0:00:33]} Kb1 {[%emt 0:00:07]} 78. Qa4 {[%emt 0:01:13]} Qc3+ {[%emt 0:00:32]} 79. Kd1 {[%emt 0:00:32]} Qc1+ {[%emt 0:00:06]} 80. Ke2 {[%emt 0:00:05]} Qc2+ {[%emt 0:00:05]} 81. Qxc2+ {[%emt 0:00:13]} Kxc2 {[%emt 0:00:05]} 0-1

[Event "41st Nezhmetdinov Memorial 2019"]
[Site "Kazan"]
[Date "2019.06.06"]
[Round "7.1"]
[White "Faizrakhmanov, Ramil"]
[Black "Yeletsky, Ivan"]
[Result "1/2-1/2"]
[WhiteElo "2421"]
[BlackElo "2438"]
[Annotator "TA"]
[PlyCount "122"]
[EventDate "2019.05.31"]
[EventType "swiss"]
[EventCountry "RUS"]
[SourceTitle "playchess.com"]
[Source "ChessBase"]
[SourceQuality "1"]

{[%evp 21,122,10,3,9,25,8,26,6,2,12,26,33,36,14,18,0,0,14,10,-10,64,57,64,50,39,46,66,50,56,47,46,39,35,35,30,30,46,42,32,-12,-12,-6,0,0,0,0,0,0,0,0,0,0,0,0,0,0,293,281,281,281,335,335,335,332,332,332,332,332,324,314,335,271,407,383,385,0,113,29,29,29,29,-173,-173,-173,-173,-173,-173,-173,-173,-172,-172,-169,-129,-163,-49,-49,-54,-156,-94,-97,0,0,56]} 1. d4 Nf6 2. c4 g6 3. Nc3 d5 4. cxd5 Nxd5 5. e4 Nxc3 6. bxc3 Bg7 7. Nf3 c5 8. Be3 Qa5 9. Qd2 O-O 10. Rc1 Rd8 11. d5 e6 12. Bg5 {D85: Exchange Grünfeld: Unusual White 7th moves and lines with 7 Nf3} f6 13. Be3 Nc6 {[%cal Bb8c6,Bc6e7,Be7f5][%mdl 32]} 14. Bd3 {White has an edge.} (14. h4 exd5 15. exd5 Bg4 16. Be2 c4 17. Bxc4 Bxf3 18. gxf3 Ne5 19. Be2 Qxd5 20. Qxd5+ Rxd5 {½-½ (40) Akobian,V (2625)-So,W (2762) Saint Louis 2019}) 14... exd5 15. exd5 Ne7 16. c4 Qxd2+ 17. Kxd2 b6 18. a4 $146 ({Predecessor:} 18. Rce1 Nf5 19. Bf4 Kf7 {½-½ (52) Shulakova,S (2190)-Ter Steponiants,A (2100) Smolensk 2008}) 18... Bd7 19. a5 Nf5 20. Bf4 Rac8 (20... g5 $11 21. Bc7 Rdc8) 21. Rb1 $14 g5 22. Bg3 $1 g4 23. Nh4 Nxh4 24. Bxh4 b5 $1 25. Rhe1 Kf7 $1 26. Bg3 b4 27. Kc2 ({Don't go for} 27. Bxh7 $2 f5 $19) 27... f5 28. Kb3 Re8 29. Bd6 Bd4 30. Rxe8 Rxe8 31. Rf1 Kg6 32. Bf4 Be5 33. Be3 Bd6 34. a6 Kf6 35. g3 h5 36. Ra1 h4 37. Ra5 hxg3 38. hxg3 Bc7 $2 {[%mdl 8192]} (38... f4 $11 39. Bxc5 (39. Bxf4 Bxf4 40. gxf4 Rc8 $11) 39... Bxc5 40. Rxc5 fxg3 41. fxg3 Re3 42. Kxb4 Rxg3) 39. Rxc5 $18 Bb6 {And now ...Rxe3 would win.} 40. Kxb4 {Rc6+! is the strong threat.} Rb8 41. Bf4 Bxc5+ 42. Kxc5 {[%mdl 4096] Endgame KRB-KB} Rb6 43. Kd4 Rxa6 44. c5 Ra4+ 45. Ke3 Ra5 46. Bd6 a6 (46... Be8 $142 47. Bc4 Ra4) 47. Bc4 $1 Ra4 48. Bd3 $2 (48. Kd3 $1 $18 {and the rest is easy.}) 48... Ra5 $1 $16 49. Kd4 (49. Be2 $1 $16) 49... Ra4+ $11 50. Kc3 {Hoping for c6.} Ra3+ 51. Kc2 $2 {[#]} (51. Kd2 $11 {and White is okay.}) 51... Ba4+ $1 $19 52. Kd2 {[#] aiming for c6.} Bb3 $1 53. c6 {Threatens to win with c7.} Ra2+ 54. Kc3 Bxd5 55. c7 Bb7 56. Bc5 Ra1 57. Be3 Rh1 (57... Bc8 $19 58. Kc4 Ke7) 58. Kb4 Rd1 59. Kc3 (59. Bc2 $1 $15 Rd7 60. Bf4) 59... a5 (59... Bc8 $142 60. Kc4 Ke6) 60. Bb6 Rxd3+ ({Black should play} 60... Ke6 $17) 61. Kxd3 $11 Ke5 {Accuracy: White = 66%, Black = 56%.} ({Better is} 61... a4 $1 $11) 1/2-1/2

[Event "41st Nezhmetdinov Memorial 2019"]
[Site "Kazan"]
[Date "2019.06.06"]
[Round "7.2"]
[White "Sarana, Alexey"]
[Black "Puranik, Abhimanyu"]
[Result "1/2-1/2"]
[WhiteElo "2636"]
[BlackElo "2548"]
[Annotator "TA"]
[PlyCount "85"]
[EventDate "2019.05.31"]
[EventType "swiss"]
[EventCountry "RUS"]
[SourceTitle "playchess.com"]
[Source "ChessBase"]
[SourceQuality "1"]

{[%evp 9,85,27,30,26,32,11,37,38,38,41,44,39,53,26,45,40,52,27,47,-2,0,7,2,0,0,0,0,0,0,0,0,0,2,0,2,2,3,3,4,3,20,7,7,0,7,0,0,0,0,0,0,0,14,14,14,14,16,14,28,14,14,9,14,14,14,14,14,14,14,14,14,0,0,0,14,14,14,14]} 1. d4 Nf6 2. c4 g6 3. Nf3 Bg7 4. g3 b6 5. Nc3 Bb7 6. d5 {E60: King's Indian: Unusual lines and Fianchetto Variation without Nc3} (6. Bg2 O-O 7. O-O e6 8. d5 exd5 9. cxd5 Re8 10. Bf4 Na6 11. Rc1 Ne4 12. Nxe4 Rxe4 13. d6 c6 14. Qd2 Qf6 15. b3 Rae8 {0-1 (56) Wang,Y (2684)-Mamedyarov,S (2817) chess.com INT 2019}) 6... O-O 7. Bg2 Na6 8. O-O {White is slightly better.} Nc5 9. Nd4 e5 10. Nb3 d6 11. e4 Ne8 12. Nxc5 dxc5 13. Qd3 $146 ({Predecessor:} 13. a4 Nd6 14. b3 Bc8 15. Bb2 {½-½ (48) Tabatabaei,M (2590)-Tiviakov,S (2610) Bandar e Anzali 2019}) 13... Nd6 14. f4 Ba6 15. b3 f5 16. fxe5 fxe4 17. Nxe4 {[#] Hoping for Bg5.} Rxf1+ 18. Qxf1 Nxe4 19. Bxe4 {Bf4 is the strong threat.} Bxe5 20. Rb1 Qe7 $132 {[%mdl 2048] [#] Threatens to win with ...Bd4+. Black is not holding back} 21. Bf3 {aiming for d6!} Re8 22. Bd2 Bc8 23. Re1 Qf7 24. Kg2 Bd6 25. g4 Bd7 26. h3 Qf6 27. Rxe8+ Bxe8 28. Qe1 Bd7 29. Qe3 Qb2 30. a4 a5 (30... Be5 {with more complications.} 31. Be2 Bd4 32. Qd3 Qa1 33. Be3 Qb2) 31. Qc3 Qxc3 32. Bxc3 $11 {[%mdl 4096] Endgame KBB-KBB} Kf7 33. Be4 h5 34. Bf3 (34. g5 {keeps more tension.} Bf4 35. h4 Bg4 36. Bc2 Bd6 37. Be1) 34... hxg4 {The position is equal.} 35. Bxg4 Bxg4 36. hxg4 {KB-KB} Ke7 37. Kf3 Kf7 38. Ke4 Ke7 39. Be5 Kf7 40. Kf4 Kf8 41. Ke4 Kf7 42. Bf4 Kf6 43. Be3 {Accuracy: White = 62%, Black = 72%.} 1/2-1/2

[Event "41st Nezhmetdinov Memorial 2019"]
[Site "Kazan"]
[Date "2019.06.06"]
[Round "7.3"]
[White "Frolyanov, Dmitry"]
[Black "Kokarev, Dmitry"]
[Result "1/2-1/2"]
[WhiteElo "2538"]
[BlackElo "2605"]
[Annotator "TA"]
[PlyCount "109"]
[EventDate "2019.05.31"]
[EventType "swiss"]
[EventCountry "RUS"]
[SourceTitle "playchess.com"]
[Source "ChessBase"]
[SourceQuality "1"]

{[%evp 19,109,38,37,16,25,23,34,33,51,24,44,27,31,30,34,20,40,39,44,31,22,26,77,75,90,31,43,0,0,0,0,0,0,0,0,0,0,0,0,0,0,0,0,0,0,0,0,0,0,0,0,0,0,0,0,0,0,0,0,0,0,0,0,0,0,0,0,0,0,0,0,0,0,0,0,0,0,0,0,0,0,0,0,0,0,0,0,0,0,0,0,0]} 1. e4 c5 2. Nf3 d6 3. d4 Nf6 4. Nc3 cxd4 5. Nxd4 a6 6. Be3 Ng4 7. Bg5 h6 8. Bh4 g5 9. Bg3 Bg7 10. h3 Ne5 11. f3 {B90: Sicilian Najdorf: Unusual White 6th moves, 6 Be3 Ng4 and 6 Be3 e5} Nbc6 {[#] ...Nxd4 is the strong threat.} 12. Bf2 Be6 13. Qd2 {White is slightly better.} Rc8 14. O-O-O Nxd4 15. Bxd4 Qa5 16. Kb1 Rg8 17. a3 Nc4 18. Bxc4 $1 {[#]} Bxd4 $146 ({Predecessor:} 18... Rxc4 19. Bxg7 Rxg7 {½-½ (57) Vallejo Pons,F (2696)-Sakaev,K (2625) Ohrid 2009}) 19. Bb5+ axb5 20. Qxd4 f6 (20... Rc4 $11 {remains equal.} 21. Qd3 b4) 21. Nd5 Rc6 22. h4 (22. Qf2 $16) 22... gxh4 $14 23. Rxh4 (23. Qf2 {is more complex.} Bxd5 24. exd5 Rc4 25. Rhe1 Qc7 26. b3) 23... Bxd5 {The position is equal.} 24. exd5 Rc4 25. Qf2 Rxh4 26. Qxh4 Rxg2 27. Qxh6 $11 {[%mdl 4096] Endgame KQR-KQR} Re2 28. Qg6+ Kd8 29. Qd3 Re5 30. f4 Re1 31. Rxe1 Qxe1+ {KQ-KQ} 32. Ka2 Qf2 33. Qxb5 Qxc2 34. Qxb7 Qc4+ 35. Qb3 Qxf4 36. Qb8+ Kd7 37. Qb5+ Kc7 38. a4 f5 39. Qc6+ Kd8 40. Qa8+ Kc7 41. Qc6+ Kd8 42. a5 Qd4 43. a6 {[#] And now Ka3 would win.} f4 44. Qa8+ Kc7 45. Qb7+ Kd8 46. Qb8+ Kd7 47. Qb5+ Kc7 $1 48. Qb7+ Kd8 49. Ka3 {aiming for a7.} Qc5+ 50. Kb3 {Black must now prevent a7.} Qe3+ 51. Ka2 Qd4 $1 52. Qb8+ Kd7 53. Qb5+ Kc7 $1 54. Qc6+ Kd8 55. Qa8+ {Accuracy: White = 68%, Black = 79%.} 1/2-1/2

[Event "41st Nezhmetdinov Memorial 2019"]
[Site "Kazan"]
[Date "2019.06.06"]
[Round "7.4"]
[White "Timofeev, Artyom"]
[Black "Nozdrachev, Vladislav"]
[Result "1/2-1/2"]
[WhiteElo "2602"]
[BlackElo "2481"]
[Annotator "TA"]
[PlyCount "86"]
[EventDate "2019.05.31"]
[EventType "swiss"]
[EventCountry "RUS"]
[SourceTitle "playchess.com"]
[Source "ChessBase"]
[SourceQuality "1"]

{[%evp 24,86,27,13,22,0,14,11,9,13,8,0,0,0,0,0,0,0,0,0,0,0,0,0,4,0,0,0,0,0,0,0,0,0,0,0,8,6,7,8,10,8,8,7,7,7,7,7,4,8,16,16,18,9,9,6,8,8,6,6,14,0,0,0,0]} 1. d4 Nf6 2. c4 e6 3. Nc3 d5 4. Bg5 Be7 5. e3 O-O 6. Rc1 c6 7. Bd3 Nbd7 8. Nf3 dxc4 9. Bxc4 Nd5 10. Bxe7 Qxe7 11. O-O Nxc3 12. Rxc3 e5 13. d5 e4 {The position is equal. D68: Queen's Gambit Declined: Classical Main Line with 9...Nd5 and 12...e5} (13... cxd5 14. Qxd5 e4 15. Nd4 Nf6 16. Qg5 h6 17. Qg3 Bd7 18. Rfc1 Rfc8 19. Bb3 Rxc3 20. Rxc3 Ne8 21. h3 {1-0 (56) Meskovs,N (2546)-Vorobjov,P (2222) Tallinn 2018}) 14. d6 Qf6 15. Nd2 Qxd6 $146 ({Predecessor:} 15... Qg6 16. f3 Qxd6 17. Nxe4 Qxd1 18. Rxd1 Ne5 19. Bb3 Rb8 20. Nd6 Be6 21. f4 {1-0 (55) Nardozza,V-Cosentino,A corr 1970}) 16. Nxe4 Qe7 17. Nd6 (17. Ng3 {feels hotter.} Nf6 18. h3 g6 19. a3 h5 20. Qc2) 17... Ne5 {Black wants to play ...Bg4.} 18. Nxc8 Raxc8 19. Be2 Rcd8 20. Qc2 Rd6 21. Rd1 Rfd8 22. Rxd6 Rxd6 23. f4 Nd7 24. Rd3 g6 25. Bf3 Rxd3 26. Qxd3 Nc5 27. Qd4 Ne6 28. Qd2 Qc5 29. b4 Qc4 30. h3 Kf8 31. Be2 Qd5 32. Qxd5 cxd5 $11 {[%mdl 4096] Endgame KB-KN} 33. Bf3 Nc7 34. Kf2 Ke7 35. Ke2 Kd6 36. Kd3 Ne6 37. g3 f6 38. e4 Nc7 39. h4 b6 40. exd5 Nxd5 41. a3 f5 42. Bd1 Nf6 43. Bf3 Nh5 {Accuracy: White = 71%, Black = 88%.} 1/2-1/2